000 00336nam a2200145 i 4500
001 bg
100 1 _aPIĄTKOWSKI, Józef St.
245 0 _aPrawo spadkowe /
_cJ.St. Piątkowski.
250 _aWyd.2 uzup.
260 _aWarszawa,
_c1979.
040 _cBPK
041 _apol
942 _cKS
008 s pl f |000 0 pol
999 _c18844
_d18844
856 _uhttp://koha.tu.koszalin.pl/cgi-bin/koha/opac-detail.pl?biblionumber=18844
_yKatalog online BPK